000 00183 a2200097 4500
020 _a9780439702768
041 _aeng
100 _aLOIS EHLERT
245 _aPIE IN THE SKY
942 _cBK
999 _c5547
_d5547